| 000 | 00899cam a2200241 a 4500 | ||
|---|---|---|---|
| 001 | 13249427 | ||
| 005 | 20180228091939.0 | ||
| 008 | 030623s2003 moua b 001 0 eng | ||
| 010 | _a 2003269289 | ||
| 020 | _a0323017223 | ||
| 040 |
_aDLC _cDLC _dDLC |
||
| 041 | _aeng | ||
| 080 | _a618.9200231 DON | ||
| 082 | 0 | 0 |
_a618.9200231 DON _222 |
| 100 | 1 | _aWong, Donna L., | |
| 101 | _aSHM | ||
| 245 | 1 | 0 |
_aWong's nursing care of infants and children / _csenior consultant, Donna L. Wong ; primary author, Marilyn J. Hockenberry ; section editors, David Wilson, Marilyn L. Winkelstein, Nancy E. Kline. |
| 246 | 3 | 0 | _aNursing care of infants and children |
| 504 | _aIncludes bibliographical references and index. | ||
| 906 |
_a7 _bcbc _corigcop _d2 _encip _f20 _gy-gencatlg |
||
| 942 |
_2ddc _cBK |
||
| 999 |
_c43732 _d43732 |
||